[Event "Canada int. ch U2100"]
[Site "Longueuil CAN"]
[Date "2019.10.11"]
[Round "1.25"]
[White "Adam, Rafael"]
[Black "Guipi Bopala, Prince Eric jr"]
[Result "1/2-1/2"]
[WhiteElo "1394"]
[BlackElo "1651"]
[PlyCount "71"]
[EventDate "2019.10.11"]
[EventType "swiss"]
[EventRounds "5"]
[EventCountry "CAN"]

1. d4 d5 2. c4 dxc4 3. Nf3 Nf6 4. e3 e6 5. Bxc4 c5 6. O-O Be7 7. Nc3 O-O 8. a3
Nc6 9. dxc5 Qxd1 10. Rxd1 Bxc5 11. b4 Be7 12. Bb2 a6 13. Rac1 b5 14. Be2 Bb7
15. Kf1 Rfd8 16. Nd2 Rac8 17. Nb3 Rxd1+ 18. Rxd1 Kf8 19. Bf3 Rc7 20. Ne4 Nxe4
21. Bxe4 h6 22. Ke2 Na5 23. Nxa5 Bxe4 24. f3 Rc2+ 25. Rd2 Rxd2+ 26. Kxd2 Bg6
27. Nb3 Bd6 28. h3 e5 29. e4 Ke7 30. g4 f6 31. Kd3 Bf7 32. Nd2 Bc7 33. Bc3 Bb6
34. Ke2 Kd6 35. Kd3 Bf2 36. Ke2 1/2-1/2

[Event "Canada int. ch U2100"]
[Site "Longueuil CAN"]
[Date "2019.10.12"]
[Round "2.1"]
[White "Couture, Jonathan"]
[Black "Rabin, Evan"]
[Result "0-1"]
[WhiteElo "1832"]
[BlackElo "2044"]
[PlyCount "90"]
[EventDate "2019.10.11"]
[EventType "swiss"]
[EventRounds "5"]
[EventCountry "CAN"]

1. e4 c6 2. d4 d5 3. f3 e6 4. Nc3 Bb4 5. Bf4 Ne7 6. Qd3 b6 7. Nge2 O-O 8. O-O-O
Ba6 9. Qe3 Ng6 10. Bg3 Be7 11. Kb1 Nd7 12. Nc1 Bxf1 13. Rhxf1 b5 14. Nd3 Nb6
15. b3 a5 16. Nc5 a4 17. Rd3 axb3 18. cxb3 Nd7 19. f4 Nxc5 20. dxc5 Bf6 21. e5
Be7 22. Rc1 Qa5 23. Rc2 Rfd8 24. Ne2 b4 25. Bf2 Nf8 26. Qc1 Nd7 27. Rdd2 Ra6
28. Bd4 Rb8 29. Qg1 Rb5 30. Nc1 Bxc5 31. Nd3 Bxd4 32. Qxd4 Qb6 33. Qxb6 Raxb6
34. Rd1 c5 35. Rdc1 Rc6 36. Kb2 Kf8 37. a3 bxa3+ 38. Kxa3 Ra6+ 39. Kb2 c4 40.
Rxc4 dxc4 41. Rxc4 Nb6 42. Rc7 Nd5 43. Rc4 Rab6 44. Nc5 Ke7 45. g3 Rc6 0-1

[Event "Canada int. ch U2100"]
[Site "Longueuil CAN"]
[Date "2019.10.12"]
[Round "2.2"]
[White "Libersan, Thierry"]
[Black "Beaudry, Marc-Andre"]
[Result "1-0"]
[WhiteElo "1986"]
[BlackElo "1793"]
[PlyCount "81"]
[EventDate "2019.10.11"]
[EventType "swiss"]
[EventRounds "5"]
[EventCountry "CAN"]

1. d4 Nf6 2. Nf3 e6 3. e3 b6 4. Nbd2 Bb7 5. Bd3 c5 6. O-O Be7 7. b3 O-O 8. Bb2
d6 9. Qe2 a6 10. c4 Nbd7 11. e4 cxd4 12. Nxd4 Qc7 13. Rad1 Rfe8 14. f4 Nc5 15.
Bb1 d5 16. cxd5 exd5 17. e5 Nfe4 18. Rf3 Bf8 19. Rc1 Qd7 20. Rh3 g6 21. Rf1
Nxd2 22. Qxd2 Ne4 23. Qe1 Bg7 24. Qh4 h6 25. Rd1 Qe7 26. Qe1 Rac8 27. Re3 Rc7
28. a3 f6 29. Nf3 Kh7 30. b4 Rec8 31. Bd4 b5 32. Ba2 f5 33. Bb3 g5 34. g3 Rg8
35. fxg5 hxg5 36. Bb2 Qf7 37. Rxe4 Qh5 38. Re3 f4 39. Red3 Rf8 40. Nd4 Rc4 41.
Ne6 1-0

[Event "Canada int. ch U2100"]
[Site "Longueuil CAN"]
[Date "2019.10.12"]
[Round "2.3"]
[White "Ehab, Mohamed"]
[Black "Van Rooy, Jake"]
[Result "1-0"]
[WhiteElo "1950"]
[BlackElo "1787"]
[PlyCount "149"]
[EventDate "2019.10.11"]
[EventType "swiss"]
[EventRounds "5"]
[EventCountry "CAN"]

1. d4 Nf6 2. Nf3 e6 3. e3 d5 4. Bd3 Be7 5. Nbd2 b6 6. O-O Bb7 7. Ne5 Nfd7 8. f4
g6 9. Ndf3 Nc6 10. Bb5 Ndxe5 11. Nxe5 Qd6 12. b3 O-O 13. Bxc6 Bxc6 14. a4 Bb7
15. Ba3 Qd8 16. Bxe7 Qxe7 17. a5 a6 18. Qd2 f6 19. Nf3 Qd7 20. Qb4 Qd6 21. Qd2
Rac8 22. Kh1 Kg7 23. c3 Qd7 24. Qd3 Rf7 25. Rg1 Qe8 26. b4 h6 27. Rgb1 Ra8 28.
Kg1 Rf8 29. Kf2 e5 30. dxe5 fxe5 31. fxe5 g5 32. Qd4 Qe6 33. Kg1 Rf7 34. h3
Raf8 35. Rf1 Kg8 36. axb6 cxb6 37. Nh2 h5 38. Rxf7 Rxf7 39. Rf1 Rxf1+ 40. Nxf1
a5 41. bxa5 bxa5 42. Nd2 g4 43. hxg4 Qxg4 44. Qb6 Qg7 45. Qxa5 d4 46. e4 Qg5
47. cxd4 Qe3+ 48. Kf1 Qxd4 49. e6 Bxe4 50. Qg5+ Kh8 51. Nxe4 Qxe4 52. Qxh5+ Kg7
53. Qg5+ Kh7 54. Qh5+ Kg7 55. Qf7+ Kh6 56. e7 Qd3+ 57. Kf2 Qd2+ 58. Kf3 Qd3+
59. Kg4 Qe2+ 60. Kh3 Qd3+ 61. Kh2 Qd6+ 62. Kg1 Qd4+ 63. Kf1 Qd1+ 64. Kf2 Qd2+
65. Kg3 Qe1+ 66. Kg4 Qe2+ 67. Kh3 Qd3+ 68. g3 Qd7+ 69. Kh4 Qd1 70. Qf8+ Kh7 71.
Qf5+ Kg7 72. Qe5+ Kh6 73. Qh8+ Kg6 74. e8=Q+ Kf5 75. Qhf8# 1-0

[Event "Canada int. ch U2100"]
[Site "Longueuil CAN"]
[Date "2019.10.12"]
[Round "2.4"]
[White "Richard, Leo"]
[Black "Gorunovich, Anna"]
[Result "1/2-1/2"]
[WhiteElo "1790"]
[BlackElo "1897"]
[PlyCount "128"]
[EventDate "2019.10.11"]
[EventType "swiss"]
[EventRounds "5"]
[EventCountry "CAN"]

1. d4 d5 2. Nf3 Nf6 3. e3 e6 4. b3 c5 5. Bb2 Nbd7 6. Nbd2 a6 7. c4 dxc4 8. bxc4
cxd4 9. exd4 Be7 10. Bd3 O-O 11. O-O Rb8 12. Qe2 Re8 13. Rfe1 Nf8 14. Bc3 Ng6
15. g3 Qc7 16. Rac1 b6 17. Ne4 Nxe4 18. Bxe4 Bb7 19. Bxb7 Qxb7 20. a4 Bf6 21.
Rb1 Qc6 22. Rec1 Rec8 23. Bb2 Rd8 24. Qe3 Qe8 25. Ra1 Ne7 26. Nd2 Nf5 27. Qf3
Bxd4 28. Rcb1 Bxb2 29. Rxb2 Nd4 30. Qd1 Qc6 31. Rab1 h6 32. a5 b5 33. Qf1 Ra8
34. Qg2 Qc7 35. cxb5 axb5 36. Nb3 Nxb3 37. Rxb3 Rxa5 38. Qf1 Rd5 39. Rxb5 Raxb5
40. Rxb5 Rxb5 41. Qxb5 Qd8 42. Qe2 g6 43. h4 Qf6 44. Qe3 Kg7 45. Kg2 Qf5 46.
Qc3+ Qf6 47. Qe3 e5 48. Qe4 Qd6 49. Qb7 Qd4 50. Qe7 Qe4+ 51. Kg1 Qf5 52. Kg2 g5
53. hxg5 hxg5 54. Qe8 e4 55. Qe7 Qd5 56. Kg1 Kg6 57. Qe8 Kf5 58. Qc8+ Qe6 59.
Qc1 Qd7 60. Qe3 Qd3 61. Qa7 f6 62. Qh7+ Ke6 63. Qg8+ Ke5 64. Qe8+ Kf5 1/2-1/2

[Event "Canada int. ch U2100"]
[Site "Longueuil CAN"]
[Date "2019.10.12"]
[Round "2.5"]
[White "Mathieu, Guillaume"]
[Black "Forget, Luc"]
[Result "0-1"]
[WhiteElo "1782"]
[BlackElo "1868"]
[PlyCount "116"]
[EventDate "2019.10.11"]
[EventType "swiss"]
[EventRounds "5"]
[EventCountry "CAN"]

1. d4 d5 2. Nf3 Nf6 3. Bg5 Ne4 4. Bh4 c5 5. c3 Qb6 6. Qb3 c4 7. Qxb6 axb6 8.
Nfd2 Bf5 9. f3 Nd6 10. e4 dxe4 11. fxe4 Nxe4 12. Nxe4 Bxe4 13. Nd2 Bd3 14. Nxc4
Bxf1 15. Rxf1 Nd7 16. Bg3 b5 17. Ne5 Nxe5 18. Bxe5 e6 19. Ke2 Be7 20. a3 O-O
21. Kd3 Rfd8 22. Kc2 Bd6 23. Rae1 f6 24. Bf4 Kf7 25. Bxd6 Rxd6 26. Re5 Rd5 27.
Kb3 Rad8 28. Re4 f5 29. g4 g6 30. Kb4 R8d6 31. Re3 Rc6 32. b3 g5 33. gxf5 exf5
34. Rfe1 Rc7 35. Re5 Rxe5 36. Rxe5 Kf6 37. c4 bxc4 38. bxc4 f4 39. Kc3 f3 40.
Re1 h5 41. a4 g4 42. d5 h4 43. Rf1 Ke5 44. h3 g3 45. Rxf3 g2 46. Re3+ Kf4 47.
Re1 Kf3 48. d6 Rd7 49. c5 Kf2 50. Re7 Rd8 51. Rf7+ Kg3 52. Rxb7 Kxh3 53. Rg7
Kh2 54. d7 Rxd7 55. Rxd7 g1=Q 56. Rd4 h3 57. Rc4 Qc1+ 58. Kd3 Qxc4+ 0-1

[Event "Canada int. ch U2100"]
[Site "Longueuil CAN"]
[Date "2019.10.12"]
[Round "2.6"]
[White "Steinberg, Ellis"]
[Black "Marcouiller, David"]
[Result "1-0"]
[WhiteElo "1769"]
[BlackElo "1846"]
[PlyCount "117"]
[EventDate "2019.10.11"]
[EventType "swiss"]
[EventRounds "5"]
[EventCountry "CAN"]

1. e4 c5 2. Nf3 d6 3. d4 cxd4 4. Nxd4 Nf6 5. Nc3 a6 6. Be3 e5 7. Nb3 Be6 8. f3
Nbd7 9. Qd2 Be7 10. O-O-O Rc8 11. Kb1 O-O 12. g4 h5 13. gxh5 Nxh5 14. Nd5 Bxd5
15. Qxd5 Nb6 16. Qxb7 Na4 17. Qxa6 Qc7 18. Qe2 d5 19. exd5 Ba3 20. Bc1 Nf4 21.
Qf2 Bxb2 22. Bxb2 Nxb2 23. Kxb2 Qc3+ 24. Kb1 Ra8 25. Qd2 Qxf3 26. Rg1 Qe4 27.
Bb5 Rfb8 28. Rde1 Qf5 29. Bc6 Ra6 30. Qc3 f6 31. Qc4 Qc8 32. Bb5 Qxc4 33. Bxc4
Ra4 34. Re4 f5 35. Rxe5 Rxc4 36. Rxf5 Ne2 37. Rg2 Nc3+ 38. Kb2 Nd1+ 39. Kc1 Ne3
40. Rfg5 Nxg2 41. Rxg2 Kf7 42. Rf2+ Ke7 43. Na5 Rbc8 44. Nxc4 Rxc4 45. Rd2 Kd6
46. Kb2 Rc8 47. Kb3 Rb8+ 48. Kc4 Rh8 49. a4 Rc8+ 50. Kb3 Rb8+ 51. Ka3 Rb1 52.
c4 Rf1 53. Kb3 Rb1+ 54. Rb2 Rf1 55. Kb4 Rf8 56. a5 Rf1 57. a6 Rf8 58. a7 Kc7
59. Kc5 1-0

[Event "Canada int. ch U2100"]
[Site "Longueuil CAN"]
[Date "2019.10.12"]
[Round "2.7"]
[White "Gauthier, Denis"]
[Black "Jacobsen, Henrik"]
[Result "1-0"]
[WhiteElo "1770"]
[BlackElo "1945"]
[PlyCount "43"]
[EventDate "2019.10.11"]
[EventType "swiss"]
[EventRounds "5"]
[EventCountry "CAN"]

1. d4 Nf6 2. c4 g6 3. Nc3 Bg7 4. e4 d6 5. Bd3 O-O 6. Nge2 a6 7. O-O e5 8. Bg5
h6 9. Bh4 Nc6 10. d5 Ne7 11. f3 Nh5 12. Qd2 g5 13. Bf2 Nf4 14. Kh1 Kh8 15. g3
Nh3 16. Be3 f5 17. f4 fxe4 18. Nxe4 Nf5 19. fxg5 Nxe3 20. Qxe3 Nxg5 21. Nxg5
Qxg5 22. Qe4 1-0

[Event "Canada int. ch U2100"]
[Site "Longueuil CAN"]
[Date "2019.10.12"]
[Round "2.8"]
[White "Orozco, Joey"]
[Black "Bouchard, Jean-Marc"]
[Result "1/2-1/2"]
[WhiteElo "1802"]
[BlackElo "1862"]
[PlyCount "50"]
[EventDate "2019.10.11"]
[EventType "swiss"]
[EventRounds "5"]
[EventCountry "CAN"]

1. d4 d5 2. Nf3 e6 3. e3 c6 4. Bd3 f5 5. O-O Nf6 6. Ne5 Bd6 7. f4 O-O 8. Bd2 b6
9. Rf3 Bb7 10. Rh3 Nbd7 11. Be1 Qe8 12. Nd2 Ne4 13. Qe2 Ndf6 14. Kh1 Nxd2 15.
Bxd2 Bxe5 16. fxe5 Ne4 17. Rf1 c5 18. c3 Qg6 19. Be1 a5 20. Rf4 Qf7 21. Rfh4
Ng5 22. Rg3 Ne4 23. Rgh3 Ng5 24. Rg3 Ne4 25. Rgh3 Ng5 1/2-1/2

[Event "Canada int. ch U2100"]
[Site "Longueuil CAN"]
[Date "2019.10.12"]
[Round "2.9"]
[White "Pare, Marc"]
[Black "Kapush, Oleksandr"]
[Result "1/2-1/2"]
[WhiteElo "1846"]
[BlackElo "1971"]
[PlyCount "84"]
[EventDate "2019.10.11"]
[EventType "swiss"]
[EventRounds "5"]
[EventCountry "CAN"]

1. e4 Nf6 2. d3 e5 3. f4 d5 4. fxe5 Ng4 5. exd5 Nxe5 6. Qe2 Bd6 7. d4 Qh4+ 8.
g3 Qxd4 9. Nf3 Qxd5 10. Bg2 O-O 11. Nc3 Qa5 12. Bd2 Bg4 13. Ne4 Nxf3+ 14. Bxf3
Bxf3 15. Qxf3 Qa6 16. a3 Be5 17. O-O-O Nc6 18. Bc3 Bxc3 19. Qxc3 Qb5 20. h4
Rfe8 21. Nc5 Ne5 22. Rd4 b6 23. Nd3 c5 24. Rd5 Nc6 25. Nf4 f6 26. h5 h6 27.
Rhd1 Ne5 28. b3 Rac8 29. Ng6 Nxg6 30. hxg6 Rc7 31. g4 Rce7 32. Rd8 Kf8 33. g5
Qc6 34. R8d6 Qe4 35. gxf6 gxf6 36. Rxf6+ Kg8 37. Rdf1 Qe3+ 38. Qxe3 Rxe3 39.
Rf7 R8e7 40. R1f6 h5 41. Rf5 h4 42. Rh5 Rxf7 1/2-1/2

[Event "Canada int. ch U2100"]
[Site "Longueuil CAN"]
[Date "2019.10.12"]
[Round "2.10"]
[White "Tinica, Gabriel"]
[Black "Morin, Louis"]
[Result "1-0"]
[WhiteElo "1935"]
[BlackElo "1838"]
[PlyCount "165"]
[EventDate "2019.10.11"]
[EventType "swiss"]
[EventRounds "5"]
[EventCountry "CAN"]

1. d4 d5 2. Bf4 e6 3. e3 Bd6 4. Bg3 Nf6 5. Nd2 O-O 6. Bd3 b6 7. Qe2 Nbd7 8.
Ngf3 Bb7 9. Ne5 Ne4 10. f3 Nxd2 11. Qxd2 Nxe5 12. dxe5 Be7 13. O-O Qc8 14. c4
dxc4 15. Bxc4 Ba6 16. Qe2 Bxc4 17. Qxc4 Bc5 18. Bf2 a5 19. e4 Bxf2+ 20. Rxf2 c5
21. Rd2 Rd8 22. Rad1 Qc7 23. Rd6 Rxd6 24. exd6 Qc6 25. e5 Ra7 26. a4 h6 27. b3
Rd7 28. f4 g6 29. Kf2 Kf8 30. Rd2 Ke8 31. Ke3 Rb7 32. Qb5 Qxb5 33. axb5 Kd7 34.
g4 Rb8 35. h4 Ra8 36. Ra2 Rg8 37. Ra4 f6 38. exf6 Kxd6 39. Ra2 c4 40. bxc4 Kc5
41. Ra4 Rf8 42. g5 hxg5 43. hxg5 e5 44. fxe5 Re8 45. Ra2 Rxe5+ 46. Kd3 Rf5 47.
Rc2 a4 48. Kc3 Rf3+ 49. Kb2 Rb3+ 50. Ka2 Rf3 51. Ka1 Kd6 52. Ra2 a3 53. Re2 Kc5
54. Rc2 Kb4 55. Ka2 Kc5 56. Rc1 Kd6 57. c5+ bxc5 58. b6 Kc6 59. b7 Kxb7 60.
Rxc5 Kb6 61. Re5 Kc6 62. Ra5 Kd7 63. Rxa3 Rf5 64. Rg3 Rb5 65. Ka3 Ke6 66. Ka4
Rb8 67. Rf3 Kf7 68. Rc3 Rb7 69. Rc5 Rb1 70. Rc7+ Kf8 71. Rg7 Rb2 72. Rxg6 Rb7
73. Ka5 Rb1 74. Rg7 Rb2 75. Ka6 Rb1 76. g6 Rf1 77. Rf7+ Kg8 78. Kb6 Rg1 79.
Rg7+ Kf8 80. Kc7 Rc1+ 81. Kd8 Rf1 82. Rf7+ Kg8 83. Ke8 1-0

[Event "Canada int. ch U2100"]
[Site "Longueuil CAN"]
[Date "2019.10.12"]
[Round "2.12"]
[White "Bokhout, Peter"]
[Black "Dube, Dominic"]
[Result "0-1"]
[WhiteElo "1903"]
[BlackElo "1823"]
[PlyCount "72"]
[EventDate "2019.10.11"]
[EventType "swiss"]
[EventRounds "5"]
[EventCountry "CAN"]

1. c4 e5 2. Nc3 f5 3. d3 Nf6 4. Nf3 d6 5. g3 Be7 6. Bg2 O-O 7. O-O c6 8. Rb1 a5
9. a3 Na6 10. Na4 Nd7 11. b4 Nb6 12. b5 Nxa4 13. Qxa4 Nc5 14. Qc2 Bd7 15. d4
exd4 16. Nxd4 Qc8 17. bxc6 bxc6 18. Rd1 Bf6 19. Be3 Be5 20. Rb6 f4 21. gxf4
Bxf4 22. Bxf4 Rxf4 23. Nxc6 Bxc6 24. Rxc6 Qg4 25. Rcxd6 Raf8 26. Rd8 Rxf2 27.
Rxf8+ Rxf8 28. Qd2 Kh8 29. Qd6 Ne6 30. c5 Qxe2 31. c6 Rf2 32. Bh3 Rf6 33. c7
Rg6+ 34. Qg3 Rxg3+ 35. hxg3 Qxd1+ 36. Kf2 Nxc7 0-1

[Event "Canada int. ch U2100"]
[Site "Longueuil CAN"]
[Date "2019.10.12"]
[Round "2.13"]
[White "Archambault, Serge"]
[Black "Simard, Francois"]
[Result "0-1"]
[WhiteElo "1885"]
[BlackElo "1773"]
[PlyCount "80"]
[EventDate "2019.10.11"]
[EventType "swiss"]
[EventRounds "5"]
[EventCountry "CAN"]

1. d4 d5 2. c4 e6 3. Nc3 Nf6 4. Bg5 Nbd7 5. cxd5 exd5 6. Nf3 Be7 7. e3 O-O 8.
Bd3 Re8 9. O-O h6 10. Bh4 c6 11. h3 Ne4 12. Bxe7 Qxe7 13. Bxe4 dxe4 14. Nh2 Nf6
15. f4 exf3 16. Rxf3 Be6 17. Qd2 Rad8 18. Qf2 c5 19. Re1 Bc4 20. dxc5 Qxc5 21.
Rxf6 gxf6 22. Ng4 Re6 23. Nxf6+ Kg7 24. Nfe4 Qe7 25. Ng3 Kh7 26. Qf4 Rg6 27. b3
Be6 28. e4 Rd3 29. Nce2 Qc5+ 30. Kh2 Qa5 31. Rf1 Qxa2 32. Rf2 Qxb3 33. Nf5 Qb4
34. Nh4 Rg5 35. Nf3 Rg7 36. Ng3 Qd6 37. e5 Qc5 38. Qe4+ Rg6 39. Qxd3 Qxf2 40.
Nh4 Qxg3+ 0-1

[Event "Canada int. ch U2100"]
[Site "Longueuil CAN"]
[Date "2019.10.12"]
[Round "2.14"]
[White "Palsson, Halldor"]
[Black "Landry, Sylvain"]
[Result "1/2-1/2"]
[WhiteElo "1851"]
[BlackElo "1752"]
[PlyCount "68"]
[EventDate "2019.10.11"]
[EventType "swiss"]
[EventRounds "5"]
[EventCountry "CAN"]

1. d4 g6 2. c4 Bg7 3. Nc3 d6 4. e4 Nd7 5. f3 e5 6. Nge2 Ngf6 7. Be3 O-O 8. d5
Nh5 9. g4 Nf4 10. Qd2 f5 11. gxf5 gxf5 12. O-O-O Nxe2+ 13. Bxe2 f4 14. Bf2 Kh8
15. h4 Bf6 16. Kb1 Rg8 17. Bf1 Nf8 18. h5 h6 19. c5 a6 20. cxd6 cxd6 21. Na4
Nd7 22. Bh3 b5 23. Nc3 Nf8 24. Bf1 Bd7 25. Ne2 Qe7 26. Qa5 Nh7 27. Nc1 Ng5 28.
Bg2 Nxe4 29. fxe4 Rxg2 30. Nd3 Bg4 31. Rde1 Bf3 32. Rh3 Bg4 33. Rhh1 Bf3 34.
Rh3 Bg4 1/2-1/2

[Event "Canada int. ch U2100"]
[Site "Longueuil CAN"]
[Date "2019.10.12"]
[Round "2.15"]
[White "Hua, Michelle"]
[Black "Samson, Gaetan"]
[Result "1/2-1/2"]
[WhiteElo "1646"]
[BlackElo "1740"]
[PlyCount "91"]
[EventDate "2019.10.11"]
[EventType "swiss"]
[EventRounds "5"]
[EventCountry "CAN"]

1. c4 Nf6 2. g3 g6 3. Bg2 Bg7 4. Nf3 d6 5. O-O e5 6. Nc3 O-O 7. d4 Qe7 8. Bg5
c6 9. c5 exd4 10. Bxf6 Bxf6 11. cxd6 Qxd6 12. Ne4 Qe7 13. Nxf6+ Qxf6 14. Qxd4
Qe7 15. Rfe1 Na6 16. e4 Be6 17. Nd2 Rad8 18. Qe3 Nb4 19. e5 Nc2 20. Qh6 Bd5 21.
Bxd5 cxd5 22. Rac1 Nxe1 23. Rxe1 f6 24. e6 Rd6 25. Qe3 d4 26. Qb3 Re8 27. Ne4
Rb6 28. Qc4 f5 29. Nc5 Rc6 30. b4 b6 31. Qb5 Rd6 32. Nd3 Rxe6 33. Qc4 Qf7 34.
Rxe6 Qxe6 35. Qxd4 Qxa2 36. Kg2 Qe6 37. f3 g5 38. Nf2 g4 39. fxg4 fxg4 40. Nxg4
Rc8 41. Nh6+ Qxh6 42. Qg4+ Kf7 43. Qd7+ Kg6 44. Qe6+ Kg7 45. Qd7+ Kg6 46. Qe6+
1/2-1/2

[Event "Canada int. ch U2100"]
[Site "Longueuil CAN"]
[Date "2019.10.12"]
[Round "2.16"]
[White "Morin-Pare, Victor"]
[Black "Dube, Daniel"]
[Result "1/2-1/2"]
[WhiteElo "1732"]
[BlackElo "1662"]
[PlyCount "81"]
[EventDate "2019.10.11"]
[EventType "swiss"]
[EventRounds "5"]
[EventCountry "CAN"]

1. d4 Nf6 2. Nc3 d5 3. Bf4 e6 4. e3 a6 5. Bd3 Bd6 6. Nf3 c5 7. dxc5 Bxf4 8.
exf4 Qa5 9. O-O Nbd7 10. a3 Qxc5 11. Re1 O-O 12. f5 exf5 13. Bxf5 Nb6 14. Bxc8
Raxc8 15. Qd4 Qxd4 16. Nxd4 Rc4 17. Rad1 g6 18. g3 Re8 19. Rxe8+ Nxe8 20. Nce2
Kf8 21. c3 Rc7 22. Nf4 Rd7 23. Nd3 Re7 24. Kf1 Nc4 25. Re1 Rxe1+ 26. Kxe1 Ke7
27. Ke2 Ng7 28. Nc2 Kd6 29. Ne3 Nxe3 30. Kxe3 Ne6 31. Nf4 Nc5 32. b4 Ne6 33.
Nxe6 fxe6 34. f4 e5 35. fxe5+ Kxe5 36. a4 b5 37. axb5 axb5 38. h4 h5 39. Kd3
Ke6 40. Kd4 Kd6 41. Kd3 1/2-1/2

[Event "Canada int. ch U2100"]
[Site "Longueuil CAN"]
[Date "2019.10.12"]
[Round "2.17"]
[White "Caen, Andy"]
[Black "Laroche, Hugo"]
[Result "1-0"]
[WhiteElo "1719"]
[BlackElo "1641"]
[PlyCount "91"]
[EventDate "2019.10.11"]
[EventType "swiss"]
[EventRounds "5"]
[EventCountry "CAN"]

1. e4 e5 2. Nf3 Nc6 3. d4 exd4 4. Nxd4 Bc5 5. Be3 Qf6 6. c3 Nge7 7. Bc4 O-O 8.
O-O Bb6 9. f4 d6 10. Na3 Bd7 11. Nac2 Ng6 12. Qf3 Qe7 13. g4 Rae8 14. Bd3 Qh4
15. Nf5 Qd8 16. Kh1 Nh4 17. Qg3 Nxf5 18. gxf5 Bxe3 19. Nxe3 g6 20. Nd5 Nb8 21.
fxg6 fxg6 22. f5 g5 23. f6 h6 24. h4 Re5 25. Ne7+ Rxe7 26. fxe7 Qxe7 27. Rxf8+
Kxf8 28. Rf1+ Kg7 29. hxg5 hxg5 30. Rg1 g4 31. e5 Bc6+ 32. Kh2 Qg5 33. Qxg4
Qxg4 34. Rxg4+ Kf7 35. exd6 cxd6 36. Bf5 Na6 37. Rh4 Kf6 38. Bc8 Kg7 39. Rc4
Nc5 40. b4 Na4 41. Bxb7 Bb5 42. Rc7+ Kf6 43. c4 Be8 44. Bd5 Nc3 45. Rxa7 Nxd5
46. cxd5 1-0

[Event "Canada int. ch U2100"]
[Site "Longueuil CAN"]
[Date "2019.10.12"]
[Round "2.18"]
[White "Hernandez, Juan Felipe"]
[Black "Eckert, Ethan"]
[Result "0-1"]
[WhiteElo "1621"]
[BlackElo "1676"]
[PlyCount "144"]
[EventDate "2019.10.11"]
[EventType "swiss"]
[EventRounds "5"]
[EventCountry "CAN"]

1. e4 e6 2. d4 d5 3. e5 c5 4. c3 Nc6 5. Nf3 Qb6 6. a3 a5 7. Bd3 cxd4 8. cxd4
Nge7 9. Nc3 Qd8 10. Be3 Nf5 11. Rc1 Be7 12. Nb5 O-O 13. O-O Bd7 14. Re1 Na7 15.
Qe2 Nxb5 16. Bxb5 Bxb5 17. Qxb5 Rb8 18. Rc2 b6 19. Rec1 Qe8 20. Qxe8 Rfxe8 21.
g4 Nxe3 22. fxe3 b5 23. Nd2 a4 24. Nb1 b4 25. Kf2 bxa3 26. bxa3 h6 27. Ke2 Rb3
28. Rc3 Reb8 29. Nd2 Rxa3 30. Rxa3 Bxa3 31. Ra1 Bb4 32. Ra2 a3 33. Nb1 Be7 34.
Nc3 Rb3 35. Rc2 Bb4 36. Na4 Be7 37. Nc5 Rb1 38. Kd3 Bg5 39. Nd7 Rb3+ 40. Ke2
Rb2 41. Kd3 Rxc2 42. Kxc2 Bxe3 43. Kb3 Bxd4 44. Kxa3 f6 45. exf6 gxf6 46. Kb3
Kf7 47. Nb8 e5 48. Nc6 Bg1 49. h3 Kg6 50. Ne7+ Kg5 51. Nxd5 f5 52. gxf5 Kxf5
53. Kc4 h5 54. Ne7+ Kg5 55. Kd5 Bh2 56. Ke4 Kh4 57. Kf3 Kxh3 58. Nf5 Bf4 59.
Kf2 Kg4 60. Nd6 h4 61. Kg2 h3+ 62. Kh1 Bg3 63. Kg1 Kf4 64. Kh1 Be1 65. Kh2 Kg4
66. Ne4 Kh4 67. Nd6 Ba5 68. Ne4 Bc7 69. Kg1 Kg4 70. Nf2+ Kf3 71. Nxh3 Bb6+ 72.
Kh2 Be3 0-1

[Event "Canada int. ch U2100"]
[Site "Longueuil CAN"]
[Date "2019.10.12"]
[Round "2.19"]
[White "Gil, Bernardo"]
[Black "Wang, Rachel"]
[Result "1-0"]
[WhiteElo "1654"]
[BlackElo "1480"]
[PlyCount "135"]
[EventDate "2019.10.11"]
[EventType "swiss"]
[EventRounds "5"]
[EventCountry "CAN"]

1. Nf3 d5 2. g3 e6 3. Bg2 Nf6 4. d3 c5 5. O-O Bd6 6. Nbd2 Nc6 7. e4 d4 8. Re1
e5 9. Nc4 Bc7 10. Bd2 O-O 11. c3 b5 12. Na3 a6 13. cxd4 Nxd4 14. Nxd4 Qxd4 15.
Be3 Qd6 16. Rc1 Bb6 17. Qc2 Nd7 18. Bh3 Nf6 19. Bg2 Nd7 20. Nb1 Bb7 21. Nd2
Rac8 22. Red1 Qe6 23. b3 Nb8 24. Nf3 f6 25. Qb2 Rfd8 26. Ne1 Qd6 27. Rc2 Nc6
28. a3 Nd4 29. Bxd4 Qxd4 30. Qxd4 Rxd4 31. Rdc1 Rdd8 32. Bh3 Rc6 33. b4 c4 34.
dxc4 Rxc4 35. Be6+ Kf8 36. Bxc4 bxc4 37. Rxc4 Rd2 38. R4c2 Bxf2+ 39. Kf1 Bxe1
40. Kxe1 Rxc2 41. Rxc2 Bxe4 42. Rc7 Bd3 43. Kd2 e4 44. a4 h5 45. Rb7 g5 46. b5
axb5 47. axb5 Ke8 48. b6 f5 49. Re7+ Kxe7 50. b7 f4 51. b8=Q f3 52. Ke3 Kf6 53.
Qb6+ Kg7 54. Qe6 h4 55. gxh4 gxh4 56. Qg4+ Kf6 57. Qxh4+ Kg6 58. Qf4 Kh7 59. h4
Kg6 60. Qg5+ Kh7 61. h5 f2 62. Kxf2 e3+ 63. Kxe3 Bc2 64. h6 Bg6 65. Kf4 Kh8 66.
Qe7 Bf7 67. Qf8+ Bg8 68. Qg7# 1-0

[Event "Canada int. ch U2100"]
[Site "Longueuil CAN"]
[Date "2019.10.12"]
[Round "2.20"]
[White "Guipi Bopala, Prince Eric jr"]
[Black "Nica, Ion"]
[Result "1/2-1/2"]
[WhiteElo "1651"]
[BlackElo "1706"]
[PlyCount "38"]
[EventDate "2019.10.11"]
[EventType "swiss"]
[EventRounds "5"]
[EventCountry "CAN"]

1. d4 d5 2. Bf4 c5 3. e3 Nc6 4. c3 Nf6 5. Nd2 Bf5 6. Qb3 Qb6 7. Qxb6 axb6 8.
Bc7 Nd7 9. Bb5 Rc8 10. Bf4 e6 11. Ngf3 Be7 12. O-O O-O 13. Rfe1 Rfd8 14. h3 h6
15. g4 Bh7 16. Bf1 g5 17. Bg3 Nf6 18. Bg2 Ne4 19. Nxe4 Bxe4 1/2-1/2

[Event "Canada int. ch U2100"]
[Site "Longueuil CAN"]
[Date "2019.10.12"]
[Round "2.21"]
[White "Jiang, Barron Jiyu"]
[Black "Robillard, Jean-Philippe"]
[Result "1-0"]
[WhiteElo "1421"]
[BlackElo "1655"]
[PlyCount "63"]
[EventDate "2019.10.11"]
[EventType "swiss"]
[EventRounds "5"]
[EventCountry "CAN"]

1. e4 e6 2. d4 d5 3. e5 c5 4. c3 Nc6 5. Nf3 Bd7 6. a3 c4 7. Be2 Na5 8. Nbd2 Bc6
9. O-O Qd7 10. Qe1 Ne7 11. Bd1 Ba4 12. Rb1 Ng6 13. Qe3 Be7 14. h3 O-O 15. Bxa4
Qxa4 16. Ne1 Nb3 17. Nxb3 Qxb3 18. Nf3 Bxa3 19. Nd2 Qc2 20. bxa3 Nh4 21. Rb2
Qg6 22. Qg3 Qxg3 23. fxg3 Nf5 24. g4 Ng3 25. Re1 h5 26. gxh5 Nxh5 27. Nf3 b6
28. Ng5 Rae8 29. g4 f6 30. exf6 gxf6 31. Nxe6 Nf4 32. Bxf4 1-0

[Event "Canada int. ch U2100"]
[Site "Longueuil CAN"]
[Date "2019.10.12"]
[Round "2.22"]
[White "Wang, Isabelle"]
[Black "Adam, Rafael"]
[Result "1/2-1/2"]
[WhiteElo "1431"]
[BlackElo "1394"]
[PlyCount "87"]
[EventDate "2019.10.11"]
[EventType "swiss"]
[EventRounds "5"]
[EventCountry "CAN"]

1. e4 e5 2. Nf3 Nc6 3. Nc3 Nf6 4. d4 exd4 5. Nxd4 Bb4 6. Nxc6 bxc6 7. Bd3 d6 8.
Bg5 h6 9. Bh4 g5 10. Bg3 Be6 11. O-O Bxc3 12. bxc3 Nd7 13. Qd2 f6 14. f4 O-O
15. h4 Kg7 16. Qe2 Qe7 17. e5 fxe5 18. fxg5 hxg5 19. Qh5 Kg8 20. Qg6+ Kh8 21.
Qh6+ Kg8 22. hxg5 Bg4 23. Qh4 Be6 24. a4 a5 25. Qe4 Bd5 26. Qg6+ Qg7 27. Qxg7+
Kxg7 28. c4 Be6 29. Rae1 Nc5 30. Ra1 Bg4 31. Bf2 Nxd3 32. cxd3 Be2 33. Rfb1
Bxd3 34. Rb7 Rfc8 35. Bb6 Bxc4 36. Bxc7 Kg6 37. Bxd6 e4 38. Bf4 Bd3 39. Kf2 Ra6
40. g4 Rh8 41. Kg3 Rh7 42. Rxh7 Kxh7 43. Rh1+ Kg8 44. Rc1 1/2-1/2